An introduction to analog and digital communications / (Record no. 193581)

000 -LEADER
fixed length control field 01009 a2200205 4500
003 - CONTROL NUMBER IDENTIFIER
control field Nust
005 - DATE AND TIME OF LATEST TRANSACTION
control field 20221208190516.0
020 ## - INTERNATIONAL STANDARD BOOK NUMBER
International Standard Book Number 0-471-61716-4
020 ## - INTERNATIONAL STANDARD BOOK NUMBER
International Standard Book Number 0-471-85978-8
040 ## - CATALOGING SOURCE
Transcribing agency Nust
082 0# - DEWEY DECIMAL CLASSIFICATION NUMBER
Classification number 621.382,HAY
100 1# - MAIN ENTRY--PERSONAL NAME
Personal name Haykin, Simon S.,
9 (RLIN) 97334
245 03 - TITLE STATEMENT
Title An introduction to analog and digital communications /
Statement of responsibility, etc. Simon Haykin
260 ## - PUBLICATION, DISTRIBUTION, ETC.
Place of publication, distribution, etc. New York :
Name of publisher, distributor, etc. Wiley,
Date of publication, distribution, etc. c1989
300 ## - PHYSICAL DESCRIPTION
Extent xvi, 652 p. :
Other physical details ill. ;
Dimensions 26 cm
505 ## - FORMATTED CONTENTS NOTE
Formatted contents note Introduction (Page-1), Fourier Analysis (Page-13), Filtering and Signal Distortion (Page-83), Spectral Density and Correlation (Page-127), Digital Coding of Analog Waveforms (Page-177), Intersymbol Interference and Its Cures (Page-227), Modulation Techniques (Page-259), Probability Theory and Random Processes (Page-403), Noise in Analog Modulation (Page-493), Optimum Receivers for Data Communication (Page-539).
650 #7 - SUBJECT ADDED ENTRY--TOPICAL TERM
Topical term or geographic name entry element Telecommunications engineering.
9 (RLIN) 58485
856 ## - ELECTRONIC LOCATION AND ACCESS
Uniform Resource Identifier <a href="http://www.loc.gov/catdir/toc/onix02/88015512.html">http://www.loc.gov/catdir/toc/onix02/88015512.html</a>
942 ## - ADDED ENTRY ELEMENTS (KOHA)
Source of classification or shelving scheme
Koha item type Book
Holdings
Withdrawn status Lost status Source of classification or shelving scheme Damaged status Not for loan Permanent Location Current Location Shelving location Date acquired Full call number Barcode Date last seen Price effective from Koha item type Public note
          Military College of Signals (MCS) Military College of Signals (MCS) General Stacks 12/12/2016 621.382,HAY MCS813 12/08/2016 12/12/2016 Book Almirah No35, Shelf No.3
© 2023 Central Library, National University of Sciences and Technology. All Rights Reserved.